| 000 | 00390nam a2200157Ia 4500 | ||
|---|---|---|---|
| 005 | 20251020182614.0 | ||
| 008 | 200515s9999 xx 000 0 und d | ||
| 082 | _aSC/691.32:539.4/I59/3 | ||
| 110 | _aAmerican concrete institute | ||
| 245 | 0 | _aAci Manual of concrete practice part 3 - 1997 | |
| 260 | _aNew York | ||
| 260 | _c1997 | ||
| 300 | _a318 | ||
| 650 | _aCONCRETO | ||
| 942 | _cLIB | ||
| 999 |
_c3445 _d3445 |
||